| 000 | 00884nam a2200217Ii 4500 | ||
|---|---|---|---|
| 003 | JO-AjNU | ||
| 008 | 230605s9999||||xx |||||||||||||| ||und|| | ||
| 017 | _a1982/5101 | ||
| 020 | _a977-145-000-X | ||
| 040 |
_aJO-AjNU _bara _erda _cJO-AjNU |
||
| 041 | _aara | ||
| 050 | 1 | 4 | _aHD30.23.M83.1982 |
| 100 | 3 |
_aهدى،محمد سليمان, _eauthor _916644 |
|
| 245 | 0 | 0 | _aدراسات الجدوى وتقييم المشروعات الاستثمارية لشركات الملاحة والموانى البحرية والترسانات |
| 264 | 3 | 1 | _aالاسكندرية:دار الجامعات المصرية،1982 |
| 300 |
_a655ص _bيحتوي على ببلوغرافية من 650-655ص |
||
| 336 |
_atext _btxt _2rdacontent |
||
| 337 |
_aunmediated _bn _2rdamedia |
||
| 338 |
_avolume _bnc _2rdacarrier |
||
| 650 | 4 |
_a إدارة المشروعات -دراسات الجدوى _916645 |
|
| 999 |
_aA4979 _c8547 _d8547 |
||